| 000 | 00863nam a22002297a 4500 | ||
|---|---|---|---|
| 005 | 20250602145809.0 | ||
| 008 | 250602b |||||||| |||| 00| 0 eng d | ||
| 020 | _a978-81-260-4593-8 (pbk) | ||
| 037 | _cTB | ||
| 040 |
_aCRL _cCRL |
||
| 041 |
_2pun _apun |
||
| 084 |
_aO153,2N14:g Q4 _qCRL |
||
| 100 |
_aਵਰਮਾ, ਸਤੀਸ਼ ਕੁਮਾਰ _9784871 |
||
| 245 | _aਹਰਚਰਨ ਸਿੰਘ | ||
| 260 |
_aਦਿੱਲੀ, ਭਾਰਤ: _bਸਾਹਿਤ ਅਕੈਡਮੀ, _c2014. |
||
| 300 | _a116 ਪ. | ||
| 365 |
_b50.00 _cINR |
||
| 650 |
_aਪੰਜਾਬੀ ਸਹਿਤ _9811413 |
||
| 650 |
_aਪੰਜਾਬੀ ਨਾਟਕ _9811020 |
||
| 942 |
_2CC _cTB _hO153,2N14:g Q4 _n0 |
||
| 999 |
_c1431307 _d1431307 |
||